[Event "European Chess Club Cup 2023"]
[Site "Durres, Albania"]
[Date "2023.10.02"]
[Round "2.36"]
[White "Rademakers, Evert"]
[Black "Gurel, Ediz"]
[Result "0-1"]
[TimeControl "90' + 30' & 30\""]
[WhiteElo "2256"]
[BlackElo "2514"]

1. b3 {[%clk 01:30:56]} {[%emt 00:00:04]} d5 {[%clk 01:29:52]} {[%emt
00:01:09]} 2. Bb2 {[%clk 01:29:51]} {[%emt 00:01:35]} Bf5 {[%clk 01:28:57]}
{[%emt 00:01:26]} 3. Nf3 {[%clk 01:28:58]} {[%emt 00:01:22]} e6 {[%clk
01:29:16]} {[%emt 00:00:11]} 4. g3 {[%clk 01:29:13]} {[%emt 00:00:15]} Nf6
{[%clk 01:29:04]} {[%emt 00:00:43]} 5. Bg2 {[%clk 01:29:29]} {[%emt 00:00:14]}
Be7 {[%clk 01:29:18]} {[%emt 00:00:15]} 6. O-O {[%clk 01:27:28]} {[%emt
00:02:31]} h6 {[%clk 01:27:52]} {[%emt 00:01:57]} 7. d3 {[%clk 01:27:46]}
{[%emt 00:00:11]} O-O {[%clk 01:28:00]} {[%emt 00:00:22]} 8. Nbd2 {[%clk
01:28:12]} {[%emt 00:00:03]} c5 {[%clk 01:26:23]} {[%emt 00:02:07]} 9. Re1
{[%clk 01:28:31]} {[%emt 00:00:12]} Nc6 {[%clk 01:25:03]} {[%emt 00:01:50]} 10.
e4 {[%clk 01:27:24]} {[%emt 00:01:37]} Bh7 {[%clk 01:21:46]} {[%emt 00:03:48]}
11. exd5 {[%clk 01:26:03]} {[%emt 00:01:45]} exd5 {[%clk 01:17:49]} {[%emt
00:04:31]} 12. Ne5 {[%clk 01:25:32]} {[%emt 00:01:01]} Nxe5 {[%clk 01:14:58]}
{[%emt 00:03:22]} 13. Rxe5 {[%clk 01:16:28]} {[%emt 00:09:33]} Qd7 {[%clk
01:03:33]} {[%emt 00:11:56]} 14. Qf3 {[%clk 01:13:51]} {[%emt 00:03:05]} Bg6
{[%clk 01:00:44]} {[%emt 00:03:21]} 15. h3 {[%clk 01:10:10]} {[%emt 00:04:11]}
Rfd8 {[%clk 00:58:46]} {[%emt 00:02:27]} 16. Rae1 {[%clk 00:59:02]} {[%emt
00:11:38]} Bf8 {[%clk 00:56:59]} {[%emt 00:02:18]} 17. Nf1 {[%clk 00:48:45]}
{[%emt 00:10:47]} a5 {[%clk 00:50:14]} {[%emt 00:07:15]} 18. Ne3 {[%clk
00:44:24]} {[%emt 00:04:51]} Bd6 {[%clk 00:43:50]} {[%emt 00:06:54]} 19. Rxd5
{[%clk 00:43:46]} {[%emt 00:01:08]} Nxd5 {[%clk 00:42:42]} {[%emt 00:01:39]} 20.
Nxd5 {[%clk 00:44:13]} {[%emt 00:00:02]} Qf5 {[%clk 00:42:23]} {[%emt
00:00:49]} 21. Qe3 {[%clk 00:15:38]} {[%emt 00:29:05]} Re8 {[%clk 00:32:25]}
{[%emt 00:10:28]} 22. Qxe8+ {[%clk 00:15:13]} {[%emt 00:00:55]} Rxe8 {[%clk
00:32:54]} 23. Rxe8+ {[%clk 00:15:41]} {[%emt 00:00:04]} Kh7 {[%clk 00:33:17]}
{[%emt 00:00:07]} 24. a4 {[%clk 00:09:08]} {[%emt 00:07:02]} Qd7 {[%clk
00:31:04]} {[%emt 00:02:43]} 25. Re1 {[%clk 00:07:30]} {[%emt 00:02:08]} Bf5
{[%clk 00:27:16]} {[%emt 00:04:19]} 26. Kh2 {[%clk 00:03:41]} {[%emt 00:04:19]}
Be6 {[%clk 00:26:29]} {[%emt 00:01:17]} 27. Nb6 {[%clk 00:03:17]} {[%emt
00:00:54]} Qc7 {[%clk 00:25:39]} {[%emt 00:01:20]} 28. Nc4 {[%clk 00:01:54]}
{[%emt 00:01:52]} b6 {[%clk 00:25:46]} {[%emt 00:00:23]} 29. Re2 {[%clk
00:00:39]} {[%emt 00:01:45]} h5 {[%clk 00:24:27]} {[%emt 00:01:50]} 30. h4
{[%clk 00:00:43]} {[%emt 00:00:25]} Be7 {[%clk 00:23:35]} {[%emt 00:01:23]} 31.
Kg1 {[%clk 00:00:59]} {[%emt 00:00:14]} Qd8 {[%clk 00:22:28]} {[%emt 00:01:37]}
32. Ne5 {[%clk 00:01:21]} {[%emt 00:00:09]} Bf6 {[%clk 00:20:19]} {[%emt
00:02:38]} 33. Nc6 {[%clk 00:01:31]} {[%emt 00:00:20]} Qd7 {[%clk 00:19:17]}
{[%emt 00:01:31]} 34. Ne5 {[%clk 00:01:54]} {[%emt 00:00:08]} Qc7 {[%clk
00:18:33]} {[%emt 00:01:14]} 35. Be4+ {[%clk 00:01:58]} {[%emt 00:00:26]} Kg8
{[%clk 00:16:32]} {[%emt 00:02:30]} 36. Bg2 {[%clk 00:02:25]} {[%emt 00:00:02]}
g6 {[%clk 00:15:14]} {[%emt 00:01:50]} 37. Bc3 {[%clk 00:02:29]} {[%emt
00:00:26]} Kg7 {[%clk 00:14:47]} {[%emt 00:00:57]} 38. Re1 {[%clk 00:02:50]}
{[%emt 00:00:08]} Qd6 {[%clk 00:12:05]} {[%emt 00:03:12]} 39. Bf3 {[%clk
00:02:56]} {[%emt 00:00:24]} Kg8 {[%clk 00:08:16]} {[%emt 00:04:19]} 40. Bg2
{[%clk 00:03:21]} {[%emt 00:00:05]} Bg7 {[%clk 00:07:30]} {[%emt 00:01:16]} 41.
Bf3 {[%clk 00:01:48]} {[%emt 00:02:03]} Qd8 {[%clk 00:04:38]} {[%emt 00:03:21]}
42. Nc6 {[%clk 00:27:54]} {[%emt 00:04:25]} Qc7 {[%clk 00:34:44]} {[%emt
00:00:24]} 43. Ne5 {[%clk 00:28:16]} {[%emt 00:00:08]} Qd6 {[%clk 00:29:36]}
{[%emt 00:05:38]} 44. Bg2 {[%clk 00:24:05]} {[%emt 00:04:41]} Kh7 {[%clk
00:24:17]} {[%emt 00:05:49]} 45. Bf3 {[%clk 00:19:55]} {[%emt 00:04:39]} Bh8
{[%clk 00:23:18]} {[%emt 00:01:30]} 46. Bg2 {[%clk 00:19:53]} {[%emt 00:00:32]}
Bf6 {[%clk 00:23:06]} {[%emt 00:00:41]} 47. Bf3 {[%clk 00:20:11]} {[%emt
00:00:11]} Bd5 {[%clk 00:23:08]} {[%emt 00:00:29]} 48. Bxd5 {[%clk 00:18:36]}
{[%emt 00:02:04]} Qxd5 {[%clk 00:22:57]} {[%emt 00:00:41]} 49. Re4 {[%clk
00:17:27]} {[%emt 00:01:40]} Qb7 {[%clk 00:19:11]} {[%emt 00:04:16]} 50. Rf4
{[%clk 00:16:06]} {[%emt 00:01:51]} Bxe5 {[%clk 00:19:28]} {[%emt 00:00:12]} 51.
Bxe5 {[%clk 00:16:34]} {[%emt 00:00:01]} Qe7 {[%clk 00:18:28]} {[%emt
00:01:31]} 52. Re4 {[%clk 00:15:35]} {[%emt 00:01:30]} Qd8 {[%clk 00:17:25]}
{[%emt 00:01:33]} 53. Bc3 {[%clk 00:12:16]} {[%emt 00:03:49]} Kg8 {[%clk
00:17:07]} {[%emt 00:00:48]} 54. Re5 {[%clk 00:11:46]} {[%emt 00:01:00]} Kf8
{[%clk 00:17:21]} {[%emt 00:00:17]} 55. Re4 {[%clk 00:12:08]} {[%emt 00:00:08]}
Qd7 {[%clk 00:16:56]} {[%emt 00:00:55]} 56. Bf6 {[%clk 00:08:40]} {[%emt
00:03:58]} Qc6 {[%clk 00:16:11]} {[%emt 00:01:15]} 57. Bc3 {[%clk 00:06:52]}
{[%emt 00:02:18]} Qd6 {[%clk 00:14:48]} {[%emt 00:01:53]} 58. Be5 {[%clk
00:06:54]} {[%emt 00:00:28]} Qd8 {[%clk 00:13:59]} {[%emt 00:01:18]} 59. Bc3
{[%clk 00:04:46]} {[%emt 00:02:39]} Kg8 {[%clk 00:12:27]} {[%emt 00:02:02]} 60.
Bb2 {[%clk 00:04:16]} {[%emt 00:00:59]} Kh7 {[%clk 00:12:25]} {[%emt 00:00:32]}
61. Bc3 {[%clk 00:04:09]} {[%emt 00:00:37]} Qd6 {[%clk 00:11:15]} {[%emt
00:01:40]} 62. Be5 {[%clk 00:04:05]} {[%emt 00:00:34]} Qd5 {[%clk 00:10:32]}
{[%emt 00:01:13]} 63. Bc3 {[%clk 00:04:25]} {[%emt 00:00:09]} Qc6 {[%clk
00:08:33]} {[%emt 00:02:30]} 64. Bb2 {[%clk 00:03:49]} {[%emt 00:01:06]} Kg8
{[%clk 00:08:22]} {[%emt 00:00:41]} 65. Bc3 {[%clk 00:04:04]} {[%emt 00:00:15]}
Kf8 {[%clk 00:08:41]} {[%emt 00:00:12]} 66. Bb2 {[%clk 00:04:14]} {[%emt
00:00:20]} Qd5 {[%clk 00:08:53]} {[%emt 00:00:17]} 67. Bc3 {[%clk 00:03:36]}
{[%emt 00:01:08]} Qf5 {[%clk 00:08:06]} {[%emt 00:01:17]} 68. Rf4 {[%clk
00:03:38]} {[%emt 00:00:28]} Qe6 {[%clk 00:08:03]} {[%emt 00:00:33]} 69. Re4
{[%clk 00:04:00]} {[%emt 00:00:09]} Qd5 {[%clk 00:08:19]} {[%emt 00:00:13]} 70.
Bb2 {[%clk 00:04:18]} {[%emt 00:00:11]} g5 {[%clk 00:07:02]} {[%emt 00:01:48]}
71. hxg5 {[%clk 00:04:04]} {[%emt 00:00:43]} Qxg5 {[%clk 00:07:28]} {[%emt
00:00:05]} 72. Rf4 {[%clk 00:04:25]} {[%emt 00:00:09]} Qe7 {[%clk 00:06:52]}
{[%emt 00:01:06]} 73. Kf1 {[%clk 00:04:16]} {[%emt 00:00:40]} Qb7 {[%clk
00:06:45]} {[%emt 00:00:37]} 74. Kg1 {[%clk 00:04:35]} {[%emt 00:00:11]} Qd7
{[%clk 00:06:19]} {[%emt 00:00:56]} 75. Bf6 {[%clk 00:04:22]} {[%emt 00:00:43]}
Kg8 {[%clk 00:06:20]} {[%emt 00:00:29]} 76. Kg2 {[%clk 00:03:46]} {[%emt
00:01:06]} Qe6 {[%clk 00:06:42]} {[%emt 00:00:07]} 77. Kf1 {[%clk 00:04:11]}
{[%emt 00:00:04]} Kh7 {[%clk 00:06:39]} {[%emt 00:00:34]} 78. Bc3 {[%clk
00:04:19]} {[%emt 00:00:23]} f5 {[%clk 00:06:35]} {[%emt 00:00:33]} 79. Bb2
{[%clk 00:04:34]} {[%emt 00:00:15]} Kg6 {[%clk 00:07:00]} {[%emt 00:00:05]} 80.
Bc3 {[%clk 00:04:56]} {[%emt 00:00:08]} Qc6 {[%clk 00:06:42]} {[%emt 00:00:49]}
81. Kg1 {[%clk 00:05:23]} {[%emt 00:00:03]} Qb7 {[%clk 00:06:57]} {[%emt
00:00:15]} 82. Bb2 {[%clk 00:05:40]} {[%emt 00:00:12]} Qe7 {[%clk 00:06:37]}
{[%emt 00:00:50]} 83. Kf1 {[%clk 00:06:05]} {[%emt 00:00:04]} Qg5 {[%clk
00:07:02]} {[%emt 00:00:05]} 84. Ke2 {[%clk 00:06:13]} {[%emt 00:00:22]} Qe7+
{[%clk 00:07:26]} {[%emt 00:00:06]} 85. Kf1 {[%clk 00:06:42]} {[%emt 00:00:02]}
Kg5 {[%clk 00:07:17]} {[%emt 00:00:38]} 86. Bc3 {[%clk 00:06:17]} {[%emt
00:00:55]} Qe6 {[%clk 00:06:44]} {[%emt 00:01:03]} 87. Bb2 {[%clk 00:06:25]}
{[%emt 00:00:22]} Kg6 {[%clk 00:06:48]} {[%emt 00:00:26]} 88. Bc3 {[%clk
00:06:45]} {[%emt 00:00:09]} Kf7 {[%clk 00:07:10]} {[%emt 00:00:09]} 89. Bb2
{[%clk 00:07:00]} {[%emt 00:00:15]} Qd5 {[%clk 00:07:21]} {[%emt 00:00:19]} 90.
Kg1 {[%clk 00:07:21]} {[%emt 00:00:09]} Ke6 {[%clk 00:07:47]} {[%emt 00:00:05]}
91. Bc3 {[%clk 00:07:37]} {[%emt 00:00:13]} Qd8 {[%clk 00:07:58]} {[%emt
00:00:19]} 92. Kf1 {[%clk 00:07:12]} {[%emt 00:00:56]} Qd7 {[%clk 00:07:25]}
{[%emt 00:01:03]} 93. Bb2 {[%clk 00:07:25]} {[%emt 00:00:17]} Kd5 {[%clk
00:07:39]} {[%emt 00:00:16]} 94. Bc3 {[%clk 00:07:44]} {[%emt 00:00:11]} Qe6
{[%clk 00:08:03]} {[%emt 00:00:06]} 95. Bb2 {[%clk 00:07:27]} {[%emt 00:00:47]}
Qg6 {[%clk 00:08:29]} {[%emt 00:00:04]} 96. Ke2 {[%clk 00:07:23]} {[%emt
00:00:34]} Qg5 {[%clk 00:08:45]} {[%emt 00:00:14]} 97. Rh4 {[%clk 00:07:42]}
{[%emt 00:00:11]} Kc6 {[%clk 00:08:30]} {[%emt 00:00:45]} 98. Rf4 {[%clk
00:07:55]} {[%emt 00:00:17]} Qe7+ {[%clk 00:08:58]} {[%emt 00:00:02]} 99. Kf1
{[%clk 00:07:59]} {[%emt 00:00:26]} Qd7 {[%clk 00:09:17]} {[%emt 00:00:12]} 100.
Kg1 {[%clk 00:07:11]} {[%emt 00:01:18]} Kb7 {[%clk 00:09:01]} {[%emt 00:00:45]}
101. Bc3 {[%clk 00:07:12]} {[%emt 00:00:29]} Ka6 {[%clk 00:08:58]} {[%emt
00:00:33]} 102. Bb2 {[%clk 00:07:38]} {[%emt 00:00:04]} Qd5 {[%clk 00:09:26]}
{[%emt 00:00:03]} 103. Bc3 {[%clk 00:07:06]} {[%emt 00:01:01]} Qg8 {[%clk
00:09:29]} {[%emt 00:00:27]} 104. Kf1 {[%clk 00:07:24]} {[%emt 00:00:13]} Qg5
{[%clk 00:09:44]} {[%emt 00:00:15]} 105. Ke2 {[%clk 00:07:51]} {[%emt
00:00:03]} h4 {[%clk 00:09:34]} {[%emt 00:00:41]} 0-1

[Event "European Chess Club Cup 2023"]
[Site "Durres, Albania"]
[Date "2023.10.02"]
[Round "2.37"]
[White "Pultinevicius, Paulius"]
[Black "Nihal, Sarin"]
[Result "0-1"]
[TimeControl "90' + 30' & 30\""]
[WhiteElo "2586"]
[BlackElo "2694"]

1. d4 {[%clk 01:30:58]} {[%emt 00:00:02]} Nf6 {[%clk 01:30:23]} {[%emt
00:00:37]} 2. c4 {[%clk 01:31:23]} {[%emt 00:00:05]} e6 {[%clk 01:30:47]}
{[%emt 00:00:06]} 3. Nc3 {[%clk 01:31:49]} {[%emt 00:00:04]} Bb4 {[%clk
01:31:12]} {[%emt 00:00:04]} 4. e3 {[%clk 01:32:14]} {[%emt 00:00:05]} c5
{[%clk 01:29:42]} {[%emt 00:02:00]} 5. Bd3 {[%clk 01:28:06]} {[%emt 00:04:39]}
Nc6 {[%clk 01:30:01]} {[%emt 00:00:11]} 6. Nf3 {[%clk 01:27:53]} {[%emt
00:00:43]} d5 {[%clk 01:30:16]} {[%emt 00:00:14]} 7. O-O {[%clk 01:28:10]}
{[%emt 00:00:13]} dxc4 {[%clk 01:30:28]} {[%emt 00:00:19]} 8. Bxc4 {[%clk
01:28:34]} {[%emt 00:00:06]} O-O {[%clk 01:30:52]} {[%emt 00:00:04]} 9. a3
{[%clk 01:26:35]} {[%emt 00:02:31]} Ba5 {[%clk 01:30:24]} {[%emt 00:00:58]} 10.
Bd3 {[%clk 01:19:00]} {[%emt 00:08:05]} Qe7 {[%clk 01:28:50]} {[%emt 00:02:03]}
11. Ne4 {[%clk 01:12:44]} {[%emt 00:06:47]} cxd4 {[%clk 01:22:13]} {[%emt
00:07:06]} 12. exd4 {[%clk 01:12:28]} {[%emt 00:00:47]} h6 {[%clk 01:22:37]}
{[%emt 00:00:05]} 13. Qe2 {[%clk 01:03:14]} {[%emt 00:09:44]} Rd8 {[%clk
01:19:50]} {[%emt 00:03:18]} 14. Be3 {[%clk 00:50:10]} {[%emt 00:13:34]} Nd5
{[%clk 01:09:44]} {[%emt 00:10:35]} 15. Rac1 {[%clk 00:50:06]} {[%emt
00:00:34]} Bd7 {[%clk 01:06:01]} {[%emt 00:04:13]} 16. Nc5 {[%clk 00:46:25]}
{[%emt 00:04:11]} Be8 {[%clk 01:04:46]} {[%emt 00:01:45]} 17. Bb1 {[%clk
00:44:18]} {[%emt 00:02:38]} Rac8 {[%clk 00:59:21]} {[%emt 00:05:55]} 18. Qd3
{[%clk 00:40:22]} {[%emt 00:04:26]} f5 {[%clk 00:59:01]} {[%emt 00:00:48]} 19.
b4 {[%clk 00:38:03]} {[%emt 00:02:50]} Bb6 {[%clk 00:59:08]} {[%emt 00:00:23]}
20. Rfe1 {[%clk 00:33:43]} {[%emt 00:04:50]} Bh5 {[%clk 00:50:45]} {[%emt
00:08:52]} 21. Bd2 {[%clk 00:12:36]} {[%emt 00:21:38]} Bxf3 {[%clk 00:47:28]}
{[%emt 00:03:47]} 22. gxf3 {[%clk 00:11:43]} {[%emt 00:01:25]} Bxc5 {[%clk
00:46:14]} {[%emt 00:01:42]} 23. Rxc5 {[%clk 00:11:48]} {[%emt 00:00:26]} Qf6
{[%clk 00:46:04]} {[%emt 00:00:40]} 24. Be3 {[%clk 00:09:20]} {[%emt 00:02:58]}
b6 {[%clk 00:42:00]} {[%emt 00:04:33]} 25. Rcc1 {[%clk 00:09:26]} {[%emt
00:00:24]} Nxd4 {[%clk 00:35:57]} {[%emt 00:06:33]} 26. Qxd4 {[%clk 00:05:58]}
{[%emt 00:03:59]} Rxc1 {[%clk 00:36:17]} 27. Rxc1 {[%clk 00:06:23]} {[%emt
00:00:15]} Qxd4 {[%clk 00:36:42]} {[%emt 00:00:05]} 28. Bxd4 {[%clk 00:06:48]}
{[%emt 00:00:05]} Nf4 {[%clk 00:37:07]} {[%emt 00:00:04]} 29. Bxb6 {[%clk
00:07:05]} {[%emt 00:00:13]} axb6 {[%clk 00:37:32]} {[%emt 00:00:05]} 30. Kf1
{[%clk 00:07:18]} {[%emt 00:00:17]} Rd2 {[%clk 00:35:44]} {[%emt 00:02:17]} 31.
Ke1 {[%clk 00:07:45]} {[%emt 00:00:05]} Re2+ {[%clk 00:34:43]} {[%emt
00:01:30]} 32. Kf1 {[%clk 00:08:11]} {[%emt 00:00:05]} Rb2 {[%clk 00:34:35]}
{[%emt 00:00:37]} 33. Bc2 {[%clk 00:08:25]} {[%emt 00:00:17]} b5 {[%clk
00:31:31]} {[%emt 00:03:33]} 34. Ke1 {[%clk 00:08:51]} {[%emt 00:00:04]} Ra2
{[%clk 00:31:55]} {[%emt 00:00:07]} 35. a4 {[%clk 00:09:18]} {[%emt 00:00:03]}
bxa4 {[%clk 00:32:20]} {[%emt 00:00:05]} 36. Kd2 {[%clk 00:09:29]} {[%emt
00:00:19]} Rb2 {[%clk 00:25:01]} {[%emt 00:07:48]} 37. Rb1 {[%clk 00:09:53]}
{[%emt 00:00:07]} Rxb1 {[%clk 00:25:27]} {[%emt 00:00:04]} 38. Bxb1 {[%clk
00:10:19]} {[%emt 00:00:04]} Nd5 {[%clk 00:25:24]} {[%emt 00:00:32]} 39. b5
{[%clk 00:10:39]} {[%emt 00:00:10]} Kf7 {[%clk 00:25:30]} {[%emt 00:00:24]} 40.
Ba2 {[%clk 00:08:15]} {[%emt 00:02:55]} Nb6 {[%clk 00:11:31]} {[%emt 00:14:29]}
41. Kc3 {[%clk 00:08:10]} {[%emt 00:00:35]} Ke7 {[%clk 00:11:47]} {[%emt
00:00:13]} 42. Kb4 {[%clk 00:08:30]} {[%emt 00:00:11]} Kd6 {[%clk 00:12:06]}
{[%emt 00:00:11]} 43. f4 {[%clk 00:08:50]} {[%emt 00:00:10]} g5 {[%clk
00:18:49]} {[%emt 00:23:46]} 44. Ka5 {[%clk 00:39:15]} {[%emt 00:00:06]} Kc5
{[%clk 00:19:05]} {[%emt 00:00:14]} 45. fxg5 {[%clk 00:39:37]} {[%emt
00:00:08]} hxg5 {[%clk 00:19:30]} {[%emt 00:00:05]} 46. Bxe6 {[%clk 00:40:02]}
{[%emt 00:00:05]} a3 {[%clk 00:19:39]} {[%emt 00:00:21]} 47. Bb3 {[%clk
00:33:35]} {[%emt 00:06:56]} f4 {[%clk 00:06:15]} {[%emt 00:13:53]} 48. Ba2
{[%clk 00:33:23]} {[%emt 00:00:45]} Nc4+ {[%clk 00:04:44]} {[%emt 00:02:00]} 49.
Ka6 {[%clk 00:30:02]} {[%emt 00:03:51]} f3 {[%clk 00:03:20]} {[%emt 00:01:54]}
50. Bb3 {[%clk 00:29:12]} {[%emt 00:01:19]} g4 {[%clk 00:01:43]} {[%emt
00:02:05]} 51. Ba2 {[%clk 00:29:40]} {[%emt 00:00:05]} Kd4 {[%clk 00:02:10]}
{[%emt 00:00:03]} 52. Kb7 {[%clk 00:26:36]} {[%emt 00:03:34]} Kc5 {[%clk
00:02:36]} {[%emt 00:00:04]} 53. Ka6 {[%clk 00:27:02]} {[%emt 00:00:03]} Nd6
{[%clk 00:01:18]} {[%emt 00:01:49]} 54. b6 {[%clk 00:27:20]} {[%emt 00:00:12]}
Kd4 {[%clk 00:01:22]} {[%emt 00:00:26]} 55. Ka5 {[%clk 00:25:28]} {[%emt
00:02:22]} Nc4+ {[%clk 00:01:17]} {[%emt 00:00:35]} 56. Kb4 {[%clk 00:25:52]}
{[%emt 00:00:05]} Nxb6 {[%clk 00:01:43]} {[%emt 00:00:04]} 57. Kxa3 {[%clk
00:26:17]} {[%emt 00:00:05]} Nc4+ {[%clk 00:00:45]} {[%emt 00:01:28]} 58. Ka4
{[%clk 00:10:07]} {[%emt 00:16:41]} Nb2+ {[%clk 00:00:40]} {[%emt 00:00:35]}
0-1

[Event "European Chess Club Cup 2023"]
[Site "Durres, Albania"]
[Date "2023.10.02"]
[Round "2.38"]
[White "Volokitin, Andrei"]
[Black "Klabis, Rokas"]
[Result "1-0"]
[TimeControl "90' + 30' & 30\""]
[WhiteElo "2664"]
[BlackElo "2419"]

1. e4 {[%clk 01:30:57]} {[%emt 00:00:01]} e5 {[%clk 01:30:47]} {[%emt
00:00:14]} 2. Nf3 {[%clk 01:31:19]} {[%emt 00:00:07]} Nc6 {[%clk 01:31:05]}
{[%emt 00:00:12]} 3. Bb5 {[%clk 01:31:40]} {[%emt 00:00:09]} a6 {[%clk
01:30:50]} {[%emt 00:00:45]} 4. Ba4 {[%clk 01:32:04]} {[%emt 00:00:06]} d6
{[%clk 01:30:52]} {[%emt 00:00:30]} 5. O-O {[%clk 01:32:04]} {[%emt 00:00:29]}
Nf6 {[%clk 01:29:07]} {[%emt 00:02:15]} 6. Re1 {[%clk 01:30:08]} {[%emt
00:02:26]} Bd7 {[%clk 01:28:23]} {[%emt 00:01:14]} 7. c3 {[%clk 01:29:58]}
{[%emt 00:00:40]} g6 {[%clk 01:25:00]} {[%emt 00:03:54]} 8. d4 {[%clk
01:30:17]} {[%emt 00:00:09]} Bg7 {[%clk 01:24:43]} {[%emt 00:00:47]} 9. h3
{[%clk 01:30:16]} {[%emt 00:00:32]} O-O {[%clk 01:21:57]} {[%emt 00:03:16]} 10.
Bc2 {[%clk 01:30:35]} {[%emt 00:00:11]} Re8 {[%clk 01:20:39]} {[%emt 00:01:48]}
11. Nbd2 {[%clk 01:27:57]} {[%emt 00:03:08]} a5 {[%clk 01:19:42]} {[%emt
00:01:27]} 12. a4 {[%clk 01:08:28]} {[%emt 00:19:59]} exd4 {[%clk 01:11:12]}
{[%emt 00:09:01]} 13. cxd4 {[%clk 01:03:23]} {[%emt 00:05:34]} Nb4 {[%clk
01:10:23]} {[%emt 00:01:19]} 14. Bb1 {[%clk 01:02:13]} {[%emt 00:01:40]} b5
{[%clk 01:03:16]} {[%emt 00:07:37]} 15. e5 {[%clk 00:43:02]} {[%emt 00:19:41]}
Nfd5 {[%clk 00:47:11]} {[%emt 00:16:34]} 16. axb5 {[%clk 00:40:48]} {[%emt
00:02:44]} dxe5 {[%clk 00:39:13]} {[%emt 00:08:29]} 17. dxe5 {[%clk 00:40:45]}
{[%emt 00:00:34]} Qb8 {[%clk 00:38:33]} {[%emt 00:01:09]} 18. Ne4 {[%clk
00:25:36]} {[%emt 00:15:39]} Bxb5 {[%clk 00:32:54]} {[%emt 00:06:09]} 19. Bg5
{[%clk 00:19:26]} {[%emt 00:06:40]} h6 {[%clk 00:25:59]} {[%emt 00:07:25]} 20.
Bd2 {[%clk 00:16:14]} {[%emt 00:03:42]} Qb6 {[%clk 00:18:27]} {[%emt 00:08:02]}
21. Qc1 {[%clk 00:15:56]} {[%emt 00:00:48]} h5 {[%clk 00:18:03]} {[%emt
00:00:54]} 22. Ra3 {[%clk 00:08:40]} {[%emt 00:07:45]} Bxe5 {[%clk 00:13:36]}
{[%emt 00:04:58]} 23. Nxe5 {[%clk 00:08:28]} {[%emt 00:00:42]} Rxe5 {[%clk
00:14:04]} {[%emt 00:00:02]} 24. Bxb4 {[%clk 00:08:32]} {[%emt 00:00:26]} Nxb4
{[%clk 00:13:23]} {[%emt 00:01:11]} 25. Qh6 {[%clk 00:09:00]} {[%emt 00:00:02]}
f5 {[%clk 00:07:22]} {[%emt 00:06:32]} 26. Nf6+ {[%clk 00:07:06]} {[%emt
00:02:23]} Qxf6 {[%clk 00:07:37]} {[%emt 00:00:15]} 27. Rxe5 {[%clk 00:07:34]}
{[%emt 00:00:02]} Qxe5 {[%clk 00:06:50]} {[%emt 00:01:18]} 28. Qxg6+ {[%clk
00:08:02]} {[%emt 00:00:01]} Kf8 {[%clk 00:04:35]} {[%emt 00:02:45]} 29. Re3
{[%clk 00:06:10]} {[%emt 00:02:22]} Be8 {[%clk 00:03:23]} {[%emt 00:01:43]} 30.
Qg5 {[%clk 00:06:36]} {[%emt 00:00:03]} Qxb2 {[%clk 00:02:24]} {[%emt
00:01:29]} 31. Qe7+ {[%clk 00:07:00]} {[%emt 00:00:06]} Kg8 {[%clk 00:02:29]}
{[%emt 00:00:25]} 32. Rg3+ {[%clk 00:07:24]} {[%emt 00:00:05]} 1-0

[Event "European Chess Club Cup 2023"]
[Site "Durres, Albania"]
[Date "2023.10.02"]
[Round "2.39"]
[White "Sakalauskas, Vaidas"]
[Black "Erdos, Viktor"]
[Result "1/2-1/2"]
[TimeControl "90' + 30' & 30\""]
[WhiteElo "2344"]
[BlackElo "2559"]

1. d4 {[%clk 01:30:56]} {[%emt 00:00:02]} d5 {[%clk 01:30:55]} {[%emt
00:00:05]} 2. c4 {[%clk 01:29:48]} {[%emt 00:01:39]} c6 {[%clk 01:31:19]}
{[%emt 00:00:06]} 3. Nf3 {[%clk 01:27:41]} {[%emt 00:02:36]} Nf6 {[%clk
01:31:27]} {[%emt 00:00:23]} 4. Nbd2 {[%clk 01:28:05]} {[%emt 00:00:07]} Bf5
{[%clk 01:23:54]} {[%emt 00:08:02]} 5. Nh4 {[%clk 01:24:31]} {[%emt 00:04:04]}
Bc8 {[%clk 01:22:14]} {[%emt 00:02:11]} 6. Nhf3 {[%clk 01:16:54]} {[%emt
00:08:06]} Bf5 {[%clk 01:07:38]} {[%emt 00:15:07]} 7. Nh4 {[%clk 01:16:12]}
{[%emt 00:01:11]} Be6 {[%clk 01:08:04]} {[%emt 00:00:04]} 8. e3 {[%clk
01:13:50]} {[%emt 00:02:52]} g6 {[%clk 01:08:28]} {[%emt 00:00:06]} 9. Bd3
{[%clk 01:12:15]} {[%emt 00:02:05]} Bg7 {[%clk 01:08:30]} {[%emt 00:00:29]} 10.
O-O {[%clk 01:12:21]} {[%emt 00:00:23]} O-O {[%clk 01:06:06]} {[%emt 00:02:54]}
11. Nhf3 {[%clk 01:04:33]} {[%emt 00:08:18]} Nbd7 {[%clk 00:41:39]} {[%emt
00:24:57]} 12. cxd5 {[%clk 00:45:24]} {[%emt 00:19:38]} cxd5 {[%clk 00:40:26]}
{[%emt 00:01:43]} 13. b3 {[%clk 00:45:14]} {[%emt 00:00:41]} Qa5 {[%clk
00:38:20]} {[%emt 00:02:37]} 14. Bb2 {[%clk 00:45:06]} {[%emt 00:00:37]} Rfc8
{[%clk 00:38:34]} {[%emt 00:00:16]} 15. Qb1 {[%clk 00:40:21]} {[%emt 00:05:15]}
Bg4 {[%clk 00:33:55]} {[%emt 00:05:09]} 16. h3 {[%clk 00:36:37]} {[%emt
00:04:14]} Bxf3 {[%clk 00:33:34]} {[%emt 00:00:52]} 17. Nxf3 {[%clk 00:36:58]}
{[%emt 00:00:08]} e6 {[%clk 00:34:01]} {[%emt 00:00:03]} 18. Rc1 {[%clk
00:33:50]} {[%emt 00:03:38]} Bf8 {[%clk 00:32:50]} {[%emt 00:01:41]} 19. a3
{[%clk 00:32:19]} {[%emt 00:02:01]} Qb6 {[%clk 00:30:38]} {[%emt 00:02:43]} 20.
Qa2 {[%clk 00:32:01]} {[%emt 00:00:48]} Qa5 {[%clk 00:23:14]} {[%emt 00:07:53]}
21. Rxc8 {[%clk 00:29:50]} {[%emt 00:02:41]} Rxc8 {[%clk 00:23:40]} {[%emt
00:00:04]} 22. Rc1 {[%clk 00:30:02]} {[%emt 00:00:18]} Rxc1+ {[%clk 00:21:04]}
{[%emt 00:03:07]} 23. Bxc1 {[%clk 00:30:29]} {[%emt 00:00:02]} Bd6 {[%clk
00:21:09]} {[%emt 00:00:24]} 24. Qd2 {[%clk 00:28:43]} {[%emt 00:02:17]} Qc7
{[%clk 00:18:24]} {[%emt 00:03:15]} 25. Qc2 {[%clk 00:28:17]} {[%emt 00:00:57]}
Kf8 {[%clk 00:17:44]} {[%emt 00:01:10]} 26. Qxc7 {[%clk 00:25:13]} Bxc7 {[%clk
00:18:11]} {[%emt 00:03:36]} 27. Kf1 {[%clk 00:24:16]} {[%emt 00:01:27]} Ke7
{[%clk 00:18:26]} {[%emt 00:00:15]} 28. Ke2 {[%clk 00:24:37]} {[%emt 00:00:09]}
h5 {[%clk 00:18:40]} {[%emt 00:00:16]} 29. Bb2 {[%clk 00:20:07]} {[%emt
00:05:00]} Ne4 {[%clk 00:17:14]} {[%emt 00:01:55]} 30. Nd2 {[%clk 00:15:16]}
{[%emt 00:05:22]} f5 {[%clk 00:15:49]} {[%emt 00:01:55]} 1/2-1/2